[Event "10. Lichtenberger Sommer"]
[Site "Berlin"]
[Date "2011.08.16"]
[Round "4.21"]
[White "Kievelitz, Bernd"]
[Black "Zschaebitz, Klaus"]
[Result "0-1"]
[WhiteElo "2070"]
[BlackElo "2088"]
[PlyCount "106"]
[EventDate "2011.??.??"]
[WhiteTeam "SC Zitadelle Spandau 1977 e.V."]
[BlackTeam "BSG 1827 Eckbauer e.V."]

1. Nf3 e6 2. c4 b6 3. g3 Bb7 4. Bg2 g5 5. h3 h5 6. d4 Bh6 7. Nc3 d6 8. d5 Nd7
9. e4 Qf6 10. Be3 g4 11. hxg4 Bxe3 12. fxe3 hxg4 13. Nh2 Qg5 14. Nxg4 Rxh1+ 15.
Bxh1 Ne5 16. Nxe5 Qxe3+ 17. Qe2 Qxg3+ 18. Qf2 Qxf2+ 19. Kxf2 dxe5 20. dxe6 fxe6
21. Rd1 Bc6 22. Bf3 Nf6 23. Ke3 a6 24. a4 Ke7 25. b3 Rh8 26. Rg1 Kf7 27. Rg5
Rh3 28. Kf2 Rh2+ 29. Rg2 Rh4 30. Ke3 Be8 31. Nb1 Nh7 32. Nd2 c5 33. Rg4 Rh6 34.
Rg1 Nf6 35. Rh1 Rxh1 36. Bxh1 Nh5 37. Bf3 Nf4 38. Bd1 Kf6 39. Bg4 Kg5 40. Bf3
a5 41. Nf1 Ng6 42. Nd2 Ne7 43. Bd1 Nc6 44. Nf3+ Kf6 45. Nd2 Nd4 46. Nb1 Kg5 47.
Nd2 Bh5 48. Bxh5 Kxh5 49. Kf2 Kg4 50. Ke3 Kg3 51. Nf1+ Kh3 52. Nd2 Kg4 53. Kd3
Kf4 0-1

[Event "10. Lichtenberger Sommer"]
[Site "Berlin"]
[Date "2011.08.16"]
[Round "4.22"]
[White "Schleich, Theodor"]
[Black "Muskewitz, Bernd"]
[Result "1-0"]
[WhiteElo "2120"]
[BlackElo "1998"]
[PlyCount "65"]
[EventDate "2011.??.??"]
[WhiteTeam "FC Bayern München e.V."]
[BlackTeam "TSG Oberschöneweide e.V."]

1. d4 d5 2. Bg5 h6 3. Bh4 c6 4. e3 Qb6 5. b3 e5 6. Bg3 e4 7. Ne2 Bg4 8. h3 Bh5
9. Bh2 Bxe2 10. Bxe2 Nf6 11. O-O Be7 12. c4 O-O 13. Nc3 Nbd7 14. Qc2 Rac8 15.
c5 Qd8 16. b4 Ne8 17. b5 Ndf6 18. Qa4 b6 19. bxc6 bxc5 20. Ba6 cxd4 21. exd4
Bd6 22. Bxc8 Bxh2+ 23. Kxh2 Qxc8 24. Rac1 Qc7+ 25. Kg1 Nd6 26. Nb5 Nxb5 27.
Qxb5 Rb8 28. Qc5 Rd8 29. Rb1 Rd6 30. Rfc1 Re6 31. Rb7 Qc8 32. c7 Nd7 33. Qxa7
1-0

[Event "10. Lichtenberger Sommer"]
[Site "Berlin"]
[Date "2011.08.16"]
[Round "4.24"]
[White "Albrecht, Rainer"]
[Black "Mai, Andreas"]
[Result "1/2-1/2"]
[WhiteElo "2125"]
[BlackElo "1943"]
[PlyCount "58"]
[EventDate "2011.??.??"]
[WhiteTeam "SC Kreuzberg e.V."]
[BlackTeam "SC Friesen Lichtenberg e.V."]

1. d4 Nf6 2. c4 g6 3. Nc3 Bg7 4. e4 d6 5. Nge2 O-O 6. Ng3 Nc6 7. d5 Nb8 8. Be2
e5 9. h4 h5 10. Bg5 Qe8 11. Qd2 a6 12. Bh6 Bg4 13. f3 Bd7 14. Nf1 b5 15. a3 Kh7
16. Bxg7 Kxg7 17. Qe3 bxc4 18. Bxc4 a5 19. Qd3 Qc8 20. Rc1 Qb7 21. Qc2 Rc8 22.
Ne3 Na6 23. Bxa6 Rxa6 24. Nc4 Raa8 25. O-O Rf8 26. g3 Ne8 27. f4 f6 28. Kh2 Qb6
29. Rf3 Bg4 1/2-1/2

[Event "10. Lichtenberger Sommer"]
[Site "Berlin"]
[Date "2011.08.16"]
[Round "4.26"]
[White "Bruening, Wolfgang"]
[Black "Guenther, Thomas"]
[Result "1/2-1/2"]
[WhiteElo "1958"]
[BlackElo "2132"]
[PlyCount "107"]
[EventDate "2011.??.??"]
[WhiteTeam "Queer-Springer SSV Berlin"]
[BlackTeam "SV Senat (FV Schach)"]

1. Nf3 Nf6 2. d4 e6 3. e3 b6 4. Bd3 Bb7 5. b3 Be7 6. Bb2 O-O 7. O-O d5 8. Nbd2
Ne4 9. c4 Nd7 10. Rc1 c5 11. Bb1 Nxd2 12. Qxd2 dxc4 13. bxc4 cxd4 14. Nxd4 Nc5
15. f3 Bg5 16. Rfe1 g6 17. Rcd1 Qe7 18. Bc2 Rad8 19. Qc1 Rd7 20. Nb5 Rxd1 21.
Rxd1 a6 22. Nd6 Rd8 23. Nxb7 Rxd1+ 24. Bxd1 Nd3 25. Qd2 Nxb2 26. Qxb2 Bxe3+ 27.
Kf1 Qxb7 28. Qe5 Bc5 29. Bc2 Qc8 30. Ke2 Qd8 31. Qe4 a5 32. h4 Qf6 33. a4 h5
34. g3 Qa1 35. g4 hxg4 36. fxg4 Qd4 37. Qxd4 Bxd4 38. Kf3 Kg7 39. Bd3 f5 40. h5
fxg4+ 41. Kxg4 gxh5+ 42. Kxh5 Kf6 43. Kg4 Ke5 44. Bg6 Bg1 45. Bf7 Kd6 46. Kf4
e5+ 47. Ke4 Bd4 48. Be8 Kc5 49. Bb5 Kb4 50. Kd3 Bg1 51. Ke4 Bh2 52. Kd5 Kc3 53.
Ke4 Bg3 54. Ba6 1/2-1/2

[Event "10. Lichtenberger Sommer"]
[Site "Berlin"]
[Date "2011.08.16"]
[Round "4.27"]
[White "Cremer, Jan Paul"]
[Black "Reiche, Andreas"]
[Result "1-0"]
[WhiteElo "2033"]
[BlackElo "1848"]
[PlyCount "123"]
[EventDate "2011.??.??"]
[WhiteTeam "Schachpinguine Berlin e.V."]
[BlackTeam "SV Berolina Mitte e.V."]

1. e4 c5 2. Nf3 Nc6 3. d4 cxd4 4. Nxd4 d6 5. Nc3 Nf6 6. Bg5 Qa5 7. Bb5 Bd7 8.
Nb3 Qd8 9. Qd2 e6 10. O-O-O h6 11. Bh4 Nxe4 12. Nxe4 Qxh4 13. Nxd6+ Bxd6 14.
Qxd6 O-O-O 15. Kb1 Qh5 16. Qc5 Qxc5 17. Nxc5 Nb8 18. Nxd7 Nxd7 19. b3 Nf6 20.
Kb2 Kc7 21. Be2 Ne4 22. f3 Nf6 23. c4 a5 24. Kc3 b6 25. a3 Rhe8 26. Rxd8 Rxd8
27. Bd3 Nd7 28. Bc2 Nc5 29. b4 Nb7 30. h4 e5 31. h5 Rd4 32. Rh3 Nd6 33. Bd3 f6
34. Rg3 Ne8 35. Be4 Rd7 36. bxa5 bxa5 37. c5 Kb8 38. Bc6 Rd8 39. Bxe8 Rxe8 40.
Rxg7 e4 41. fxe4 Rxe4 42. Rg6 Re5 43. Kc4 Rxh5 44. Rxf6 Rg5 45. Kb5 Rxg2 46.
Rxh6 Rb2+ 47. Kc6 Rb3 48. Kd7 Rd3+ 49. Rd6 Rxa3 50. c6 Rc3 51. Rd5 a4 52. Rb5+
Ka7 53. c7 Ka6 54. Rb8 Rd3+ 55. Ke6 Rc3 56. c8=Q+ Rxc8 57. Rxc8 Kb5 58. Kd5 Kb4
59. Kd4 Kb3 60. Rb8+ Kc2 61. Ra8 Kb3 62. Kd3 1-0

[Event "10. Lichtenberger Sommer"]
[Site "Berlin"]
[Date "2011.08.16"]
[Round "4.28"]
[White "Barwich, Alfred"]
[Black "Fischer, Daniel"]
[Result "0-1"]
[WhiteElo "1959"]
[BlackElo "2109"]
[PlyCount "104"]
[EventDate "2011.??.??"]
[WhiteTeam "SV Berolina Mitte e.V."]
[BlackTeam "SK Oberkirch"]

1. d4 d6 2. Nf3 g6 3. g3 Bg7 4. Bg2 c5 5. c3 cxd4 6. cxd4 Qb6 7. Nc3 Nc6 8. e3
Nf6 9. O-O O-O 10. d5 Nb4 11. e4 Qa6 12. Bd2 Nd3 13. Qc2 Bd7 14. Ne1 Nc5 15.
Rc1 Rac8 16. b4 Na4 17. Qd3 Nxc3 18. Bxc3 Bb5 19. Qb1 Bxf1 20. Bxf1 Qa3 21. Bd2
Rxc1 22. Bxc1 Qc3 23. Be3 b6 24. h3 Rc8 25. Bd3 Nd7 26. Nf3 Ne5 27. Nxe5 Bxe5
28. a4 Bd4 29. Bh6 Qa1 30. Qxa1 Bxa1 31. Bb5 Bc3 32. Bc6 Bxb4 33. Bg5 f6 34.
Bc1 Bc3 35. Kf1 Rc7 36. Ke2 e6 37. Be3 exd5 38. exd5 Re7 39. Kd3 Bb4 40. f4 Bc5
41. Bd2 f5 42. Bb5 Re4 43. Kc2 a6 44. Bxa6 Rxa4 45. Bd3 Ra2+ 46. Kd1 Ra1+ 47.
Ke2 Rh1 48. g4 Rh2+ 49. Kd1 Rxh3 50. Be2 Rh1+ 51. Kc2 Rh2 52. Kd3 Rxe2 0-1

[Event "10. Lichtenberger Sommer"]
[Site "Berlin"]
[Date "2011.08.16"]
[Round "4.29"]
[White "Elsing, Jan"]
[Black "Keusch, Horst"]
[Result "1/2-1/2"]
[WhiteElo "2124"]
[BlackElo "2004"]
[PlyCount "53"]
[EventDate "2011.??.??"]
[WhiteTeam "SC Friesen Lichtenberg e.V."]
[BlackTeam "SC Friesen Lichtenberg e.V."]

1. e4 g6 2. Bc4 Bg7 3. d3 c5 4. f4 e6 5. Nc3 Ne7 6. Qf3 Nbc6 7. Nge2 Nb4 8. Bb3
d5 9. a3 dxe4 10. dxe4 Nbc6 11. Be3 Nd4 12. Nxd4 cxd4 13. O-O-O O-O 14. Ne2 Nc6
15. e5 Qc7 16. Nxd4 Nxd4 17. Rxd4 Bd7 18. Rhd1 Bc6 19. Qe2 Rfc8 20. Rc4 Bf8 21.
Ba4 b5 22. Rxc6 Qxc6 23. Bxb5 Qc7 24. Rd7 Qa5 25. Bd2 Qb6 26. Be3 Qa5 27. Bd2
1/2-1/2

[Event "10. Lichtenberger Sommer"]
[Site "Berlin"]
[Date "2011.08.16"]
[Round "4.31"]
[White "Getzuhn, Detlef"]
[Black "Pappenheim, Rainer"]
[Result "0-1"]
[WhiteElo "1931"]
[BlackElo "2081"]
[PlyCount "52"]
[EventDate "2011.??.??"]
[WhiteTeam "SV Senat (FV Schach)"]
[BlackTeam "SC Starnberg"]

1. e4 c6 2. d4 d5 3. Nc3 dxe4 4. Nxe4 Nf6 5. Nxf6+ gxf6 6. Be3 Bf5 7. Bd3 e6 8.
Bxf5 Qa5+ 9. Qd2 Qxf5 10. O-O-O Rg8 11. f3 Nd7 12. Qf2 Nb6 13. Ne2 Nc4 14. Ng3
Qb5 15. c3 O-O-O 16. Rhe1 Bd6 17. Nf1 f5 18. b3 f4 19. bxc4 fxe3 20. Nxe3 Ba3+
21. Kd2 Qa5 22. Kd3 c5 23. d5 b5 24. Kc2 Bb4 25. Kb1 Bxc3 26. Nc2 bxc4 0-1

[Event "10. Lichtenberger Sommer"]
[Site "Berlin"]
[Date "2011.08.16"]
[Round "4.32"]
[White "Tscheuschner, Georg"]
[Black "Stucki, Ramon"]
[Result "1-0"]
[WhiteElo "1837"]
[BlackElo "1964"]
[PlyCount "115"]
[EventDate "2011.??.??"]
[WhiteTeam "SG Grün-Weiß Baumschulenweg e.V."]
[BlackTeam "Thun SK"]

1. c4 e5 2. Nc3 Nc6 3. g3 f5 4. Bg2 Nf6 5. d3 d6 6. e3 g6 7. Nge2 Bg7 8. Bd2
O-O 9. Nd5 Ne7 10. f4 c6 11. fxe5 dxe5 12. Nxe7+ Qxe7 13. Qc2 Be6 14. O-O Rad8
15. Rad1 c5 16. b3 b6 17. Nc3 Bc8 18. e4 Qd6 19. Nd5 Nxd5 20. exd5 f4 21. Bc3
g5 22. Qb2 Rf7 23. Rde1 Re7 24. Qe2 Rde8 25. g4 h5 26. gxh5 g4 27. Be4 Qf6 28.
Bg6 Rf8 29. d4 cxd4 30. Bb4 f3 31. Qd2 Ref7 32. Bxf8 Rxf8 33. Rf2 Bf5 34. Bxf5
Qxf5 35. Qc2 d3 36. Qd2 e4 37. Qe3 Qf4 38. Qxe4 Qxe4 39. Rxe4 Bc3 40. Rxg4+ Kh7
41. d6 d2 42. Rf1 Rd8 43. Rd1 Rxd6 44. Kf2 Rf6 45. Re4 Bb4 46. Re5 Kh6 47. a3
Bxa3 48. Rxd2 Bd6 49. Red5 Bxh2 50. R2d3 Bg3+ 51. Kf1 a5 52. Re3 Bd6 53. Rdd3
f2 54. Rf3 Rxf3 55. Rxf3 Bc5 56. Rxf2 Bxf2 57. Kxf2 Kxh5 58. Ke3 1-0

[Event "10. Lichtenberger Sommer"]
[Site "Berlin"]
[Date "2011.08.16"]
[Round "4.33"]
[White "Major, Vitalij"]
[Black "Oppermann, Peter"]
[Result "1-0"]
[WhiteElo "2112"]
[BlackElo "2000"]
[PlyCount "55"]
[EventDate "2011.??.??"]
[WhiteTeam "SC Zitadelle Spandau 1977 e.V."]
[BlackTeam "SK Tempelhof 1931 e.V."]

1. d4 Nf6 2. c4 e6 3. Nc3 Bb4 4. Qc2 c5 5. e3 O-O 6. Nf3 d5 7. a3 Bxc3+ 8. bxc3
Nbd7 9. Be2 Qc7 10. cxd5 exd5 11. c4 b6 12. cxd5 Nxd5 13. Bb2 Bb7 14. Rc1 Rac8
15. Qf5 Qd6 16. O-O g6 17. Qh3 Qe7 18. Qh6 f6 19. Rfd1 cxd4 20. Nxd4 Ne5 21. e4
Nf7 22. Qh4 Nc7 23. Nf5 gxf5 24. Bxf6 Qxe4 25. Qg3+ Ng5 26. Qxg5+ Kf7 27. Qg7+
Ke8 28. Bh5+ 1-0

[Event "10. Lichtenberger Sommer"]
[Site "Berlin"]
[Date "2011.08.16"]
[Round "4.34"]
[White "Axmann, Steffen"]
[Black "Kirchhof, Arno"]
[Result "0-1"]
[WhiteElo "1893"]
[BlackElo "2048"]
[PlyCount "140"]
[EventDate "2011.??.??"]
[WhiteTeam "Sfr.Nord-Ost Berlin"]
[BlackTeam "SC Zugzwang 95 e.V."]

1. e4 e6 2. d3 c5 3. Nd2 g6 4. Ngf3 Bg7 5. g3 Nc6 6. Bg2 Nge7 7. O-O Qc7 8. Re1
d6 9. Qe2 b6 10. Rb1 Nb4 11. Nc4 Nxa2 12. Bd2 Nb4 13. Bxb4 cxb4 14. e5 dxe5 15.
Nd4 exd4 16. Bxa8 Nc6 17. Bxc6+ Qxc6 18. Qe4 Qxe4 19. Rxe4 O-O 20. Ra1 Bb7 21.
Ree1 Ra8 22. f4 Bd5 23. b3 Bf8 24. Ra6 Bb7 25. Ra2 Bc5 26. Kf2 a5 27. Ne5 Rd8
28. Raa1 f6 29. Nf3 Kf7 30. Re2 Bd5 31. h4 h5 32. Nd2 Ra8 33. Ne4 Be7 34. Ke1
b5 35. Kd2 a4 36. Ree1 Bc6 37. Ra2 Rc8 38. Raa1 Rd8 39. Re2 Rd5 40. Rf2 Rf5 41.
Rff1 Bd7 42. Rac1 Kg7 43. Rb1 Rd5 44. Rfc1 a3 45. Rf1 e5 46. fxe5 Rxe5 47. Rbe1
Bh3 48. Rg1 Kf8 49. Nf2 Rxe1 50. Rxe1 Bf5 51. Ne4 Kf7 52. Ke2 g5 53. Nd2 gxh4
54. gxh4 Bg4+ 55. Nf3 f5 56. Kf2 Bxf3 57. Kxf3 Bxh4 58. Rh1 Bg5 59. Rxh5 Kg6
60. Rh8 Bd2 61. Ra8 Kg5 62. Rg8+ Kh5 63. Rh8+ Kg6 64. Rb8 Bc3 65. Ra8 Kf6 66.
Kf4 Bd2+ 67. Kf3 Bc1 68. Ra5 Ke6 69. Rxb5 a2 70. Ra5 Ba3 0-1

[Event "10. Lichtenberger Sommer"]
[Site "Berlin"]
[Date "2011.08.16"]
[Round "4.35"]
[White "Krajewski, Wolfgang"]
[Black "Hoffmann, Peter"]
[Result "1/2-1/2"]
[WhiteElo "2095"]
[BlackElo "2030"]
[PlyCount "114"]
[EventDate "2011.??.??"]
[WhiteTeam "SK Zehlendorf e.V."]
[BlackTeam "BSG 1827 Eckbauer e.V."]

1. d4 Nf6 2. Nf3 g6 3. c4 Bg7 4. Nc3 d5 5. Qb3 dxc4 6. Qxc4 O-O 7. e4 Nc6 8.
Be2 Bg4 9. Be3 Bxf3 10. Bxf3 e5 11. d5 Nd4 12. Bxd4 exd4 13. Qxd4 Nxe4 14. Qd3
Nxc3 15. bxc3 Re8+ 16. Kf1 Qf6 17. Rc1 Rad8 18. g3 Bh6 19. Re1 Rxe1+ 20. Kxe1
Re8+ 21. Be2 Bg7 22. Rf1 Qxc3+ 23. Qxc3 Bxc3+ 24. Kd1 Re4 25. Bf3 Rd4+ 26. Kc2
Bb4 27. Rd1 Rxd1 28. Bxd1 Bc5 29. f3 Kf8 30. Kd3 Ke7 31. Ke4 Kd6 32. g4 Bg1 33.
h3 f5+ 34. gxf5 gxf5+ 35. Kxf5 Kxd5 36. f4 b5 37. Bb3+ Kd6 38. Bg8 h6 39. Kg6
Be3 40. f5 Ke7 41. f6+ Kf8 42. Bd5 c5 43. Kf5 c4 44. Ke4 Bg5 45. f7 a5 46. Kd4
Bf6+ 47. Kc5 c3 48. Bb3 b4 49. Kb5 Bd8 50. Ka4 h5 51. Kb5 h4 52. Kc5 c2 53.
Bxc2 Kxf7 54. Bf5 Kf6 55. Bg4 Ke5 56. Kc4 Kd6 57. Kb3 Kc5 1/2-1/2

[Event "10. Lichtenberger Sommer"]
[Site "Berlin"]
[Date "2011.08.16"]
[Round "4.37"]
[White "Kornrumpf, Joachim"]
[Black "Arnold, Rouven"]
[Result "1-0"]
[WhiteElo "2099"]
[BlackElo "1799"]
[PlyCount "57"]
[EventDate "2011.??.??"]
[WhiteTeam "Preetzer TSV"]
[BlackTeam "Schachverein Grünfeld e.V."]

1. Nf3 d5 2. b3 Nc6 3. Bb2 Bf5 4. e3 a6 5. Be2 f6 6. Nh4 e6 7. Bh5+ g6 8. Nxf5
exf5 9. Bf3 Bg7 10. O-O Ne5 11. Be2 c6 12. d4 Nd7 13. c4 Nb6 14. Nc3 dxc4 15.
bxc4 Ne7 16. Qb3 Rb8 17. Ba3 Nbc8 18. Rab1 O-O 19. c5+ Kh8 20. Bxa6 f4 21. Be2
fxe3 22. fxe3 Nf5 23. Nd1 Qe7 24. Bg4 Nxd4 25. exd4 f5 26. Bf3 Bxd4+ 27. Nf2
Na7 28. Qc4 Nb5 29. Rxb5 1-0

[Event "10. Lichtenberger Sommer"]
[Site "Berlin"]
[Date "2011.08.16"]
[Round "4.38"]
[White "Schubert, Joachim"]
[Black "Kapr, Klaus"]
[Result "0-1"]
[WhiteElo "1826"]
[BlackElo "2058"]
[PlyCount "95"]
[EventDate "2011.??.??"]
[WhiteTeam "SC Friesen Lichtenberg e.V."]
[BlackTeam "SC Friesen Lichtenberg e.V."]

1. e4 d5 2. exd5 Qxd5 3. Nf3 Bg4 4. Be2 Nc6 5. c3 e5 6. Qa4 Nf6 7. O-O e4 8.
Bc4 Qh5 9. Nd4 Bd6 10. g3 Bd7 11. Be2 Nxd4 12. Qxd7+ Kxd7 13. Bxh5 Nc2 14. Bd1
Nxa1 15. b3 h5 16. Bb2 Nxb3 17. Bxb3 Raf8 18. h3 h4 19. g4 c6 20. Na3 Nd5 21.
c4 Nf4 22. c5 Nxh3+ 23. Kh1 Bxc5 24. f3 Nf2+ 25. Kh2 f6 26. Nc4 exf3 27. d4
Nxg4+ 28. Kh3 Be7 29. Kxg4 f5+ 30. Kxf3 Rh6 31. Ne5+ Kc7 32. d5 g5 33. dxc6 g4+
34. Ke2 Bd6 35. Nf7 Re8+ 36. Kd1 Rg6 37. cxb7 g3 38. Bd5 g2 39. Bxg2 Rxg2 40.
Bc1 Bb4 41. a3 Re7 42. Bf4+ Kxb7 43. Nd8+ Kc8 44. Nc6 Rd7+ 45. Kc1 Bxa3+ 46.
Kb1 Rb7+ 47. Ka1 Bb2+ 48. Ka2 0-1

[Event "10. Lichtenberger Sommer"]
[Site "Berlin"]
[Date "2011.08.16"]
[Round "4.39"]
[White "Mertens, Fridolin"]
[Black "Fartmann, Oliver"]
[Result "1/2-1/2"]
[WhiteElo "1993"]
[BlackElo "1845"]
[PlyCount "57"]
[EventDate "2011.??.??"]
[WhiteTeam "SG 1871 Löberitz"]
[BlackTeam "SG Grün-Weiß Baumschulenweg e.V."]

1. e4 c6 2. d4 d5 3. exd5 cxd5 4. c4 Nf6 5. Nc3 Nc6 6. Nf3 Bg4 7. cxd5 Nxd5 8.
Bc4 e6 9. Bxd5 exd5 10. O-O Be7 11. Qd3 O-O 12. Ne5 Be6 13. Nxc6 bxc6 14. Be3
Rb8 15. b3 Qd7 16. Na4 Bf5 17. Qd2 Bb4 18. Qd1 Rfe8 19. Bf4 Rbc8 20. a3 Bf8 21.
b4 Re4 22. Qd2 Bd6 23. Bg3 Rce8 24. Nc3 R4e6 25. Rfe1 h5 26. Rxe6 Rxe6 27. Ne2
Be7 28. Nf4 Bg5 29. h4 1/2-1/2

[Event "10. Lichtenberger Sommer"]
[Site "Berlin"]
[Date "2011.08.16"]
[Round "4.40"]
[White "Mayer, Herbert"]
[Black "Jaeger, Andre"]
[Result "0-1"]
[WhiteElo "1948"]
[BlackElo "2044"]
[PlyCount "72"]
[EventDate "2011.??.??"]
[WhiteTeam "SC Rochade e.V."]
[BlackTeam "SC Rochade e.V."]

1. c4 g6 2. g3 Bg7 3. Bg2 e5 4. Nc3 f5 5. d3 Nc6 6. e4 d6 7. Nge2 Nf6 8. Rb1 a5
9. a3 O-O 10. Bg5 h6 11. Bd2 Ne7 12. b4 axb4 13. axb4 c6 14. Qb3 Be6 15. f4
fxe4 16. Nxe4 Nxe4 17. Bxe4 d5 18. Bg2 dxc4 19. dxc4 b5 20. fxe5 Bxc4 21. Qd1
Qb6 22. Nf4 g5 23. Nh3 Qd4 24. Bf4 Qxd1+ 25. Rxd1 gxf4 26. gxf4 Ra2 27. Rg1
Re2+ 28. Kf1 Rxe5+ 29. Kf2 Re2+ 30. Kf3 Nf5 31. Rd7 Nh4+ 32. Kg3 Nxg2 33. Rxg2
Rxg2+ 34. Kxg2 Be6 35. Rd6 Bxh3+ 36. Kxh3 Rxf4 0-1

[Event "10. Lichtenberger Sommer"]
[Site "Berlin"]
[Date "2011.08.16"]
[Round "4.41"]
[White "Richter, Goetz"]
[Black "Casny, Guenter"]
[Result "1-0"]
[WhiteElo "2045"]
[BlackElo "1865"]
[PlyCount "65"]
[EventDate "2011.??.??"]
[WhiteTeam "Klub Kölner Schachfreunde e.V. 1"]
[BlackTeam "SC Rochade e.V."]

1. e4 c5 2. Nf3 d6 3. d4 cxd4 4. Nxd4 Nf6 5. Nc3 a6 6. Be3 e6 7. f4 Qc7 8. Be2
Be7 9. Qd2 Bd7 10. g4 Bc6 11. Bf3 Nfd7 12. O-O-O Nb6 13. Qe2 N8d7 14. g5 Nc5
15. Nxc6 bxc6 16. h4 d5 17. f5 Rd8 18. f6 gxf6 19. gxf6 Bxf6 20. exd5 cxd5 21.
Nxd5 Nxd5 22. Bxd5 Bd4 23. Kb1 Qe5 24. Bc6+ Nd7 25. Qxa6 Bxe3 26. Rxd7 O-O 27.
Qe2 Kh8 28. Re1 Rxd7 29. Bxd7 Rb8 30. b3 Rd8 31. Qxe3 Qxe3 32. Rxe3 Rxd7 33.
Rd3 1-0

[Event "10. Lichtenberger Sommer"]
[Site "Berlin"]
[Date "2011.08.16"]
[Round "4.42"]
[White "Gretzer, Marcus"]
[Black "Kupfer, Michael"]
[Result "0-1"]
[WhiteElo "1748"]
[BlackElo "2049"]
[PlyCount "92"]
[EventDate "2011.??.??"]
[WhiteTeam "SC Kitzingen von 1905"]
[BlackTeam "SC Friesen Lichtenberg e.V."]

1. Nf3 c5 2. c4 Nc6 3. d4 cxd4 4. Nxd4 g6 5. e4 Nf6 6. Nc3 Nxd4 7. Qxd4 Bg7 8.
e5 Ng8 9. Bf4 d6 10. Rd1 Bg4 11. f3 dxe5 12. Bxe5 Qxd4 13. Bxd4 Bxd4 14. Rxd4
Bd7 15. Nb5 Rc8 16. Nc3 Nf6 17. g4 Bc6 18. Be2 e5 19. Rd1 Nxg4 20. Nd5 Nh6 21.
Kf2 Nf5 22. f4 f6 23. Rhe1 Kf7 24. Bg4 Rhe8 25. Nb4 h5 26. Bh3 exf4 27. Bxf5
Rxe1 28. Bxg6+ Kxg6 29. Rxe1 Kf5 30. Nxc6 Rxc6 31. b3 Rd6 32. Re2 Rd3 33. Re7
Rd2+ 34. Kg1 h4 35. h3 Rxa2 36. Rxb7 Ke4 37. Rh7 Ra3 38. Rb7 f3 39. c5 Ra1+ 40.
Kf2 Ra2+ 41. Kf1 a5 42. b4 axb4 43. Rxb4+ Ke3 44. Rb3+ Kf4 45. Rc3 Kg3 46. Rc1
Rh2 0-1

[Event "10. Lichtenberger Sommer"]
[Site "Berlin"]
[Date "2011.08.16"]
[Round "4.43"]
[White "Stiefel, Roland"]
[Black "Gremm, Albert Jürgen"]
[Result "0-1"]
[WhiteElo "2064"]
[BlackElo "1906"]
[PlyCount "70"]
[EventDate "2011.??.??"]
[WhiteTeam "SSV Vimaria 91 Weimar"]
[BlackTeam "SC Kreuzberg e.V."]

1. f4 e5 2. fxe5 Nc6 3. g3 d6 4. exd6 Bxd6 5. Nf3 Bg4 6. c3 h5 7. Qa4 Bxf3 8.
exf3 Qe7+ 9. Qe4 Ne5 10. Kd1 Nf6 11. Qxb7 O-O 12. Be2 Rab8 13. Qa6 Rfe8 14. d4
Rb6 15. Qa4 Neg4 16. Re1 Nxh2 17. Qc2 Bxg3 18. Rg1 Re6 19. Rxg3 Rxe2 20. Qd3
Nf1 21. Rg1 Re1+ 22. Kc2 Rxc1+ 23. Kxc1 Qe1+ 24. Qd1 Qe3+ 25. Nd2 Nxd2 26. Kc2
Nxf3 27. Rf1 Ng5 28. Qd2 Qe4+ 29. Kb3 Rb8+ 30. Ka3 Qe7+ 31. b4 Nge4 32. Qb2 a5
33. Rae1 axb4+ 34. cxb4 Ra8+ 35. Kb3 Qe6+ 0-1

[Event "10. Lichtenberger Sommer"]
[Site "Berlin"]
[Date "2011.08.16"]
[Round "4.44"]
[White "Lasschuit, Rene"]
[Black "Stadtmueller, Harald"]
[Result "1/2-1/2"]
[WhiteElo "1862"]
[BlackElo "2132"]
[PlyCount "40"]
[EventDate "2011.??.??"]
[WhiteTeam "vereinslos"]
[BlackTeam "VSG 1880 Offenbach"]

1. d4 g6 2. e4 Bg7 3. Nf3 d6 4. Nc3 a6 5. Bd3 Nd7 6. O-O c5 7. d5 b5 8. Re1 Qc7
9. Rb1 Ne5 10. Nxe5 dxe5 11. b3 Nf6 12. a4 b4 13. Na2 O-O 14. c3 a5 15. Bb5 Bd7
16. Bxd7 Qxd7 17. c4 Ne8 18. Be3 Rc8 19. f3 Nd6 20. Nc1 f5 1/2-1/2

[Event "10. Lichtenberger Sommer"]
[Site "Berlin"]
[Date "2011.08.16"]
[Round "4.45"]
[White "Kasper, Peter"]
[Black "Witte, Ronald"]
[Result "0-1"]
[WhiteElo "1808"]
[BlackElo "2063"]
[PlyCount "50"]
[EventDate "2011.??.??"]
[WhiteTeam "SG Eckturm"]
[BlackTeam "BSV 63 Chemie Weißensee"]

1. e4 c5 2. Nf3 d6 3. d4 cxd4 4. c3 dxc3 5. Nxc3 Nc6 6. Bc4 e6 7. Bf4 Nf6 8.
Qe2 e5 9. Be3 Be7 10. h3 O-O 11. O-O a6 12. a3 b5 13. Ba2 Be6 14. Rac1 Bxa2 15.
Nxa2 Rc8 16. Nc3 d5 17. Nxd5 Nxd5 18. Rfd1 Nd4 19. Bxd4 Rxc1 20. Rxc1 Nf4 21.
Qd2 Bg5 22. Kh1 exd4 23. Rc6 Nxh3 24. Nxg5 Qxg5 25. Qc2 d3 0-1

[Event "10. Lichtenberger Sommer"]
[Site "Berlin"]
[Date "2011.08.16"]
[Round "4.46"]
[White "Baumbach, Friedrich"]
[Black "Cerdan Herraez, Manuel Vicente"]
[Result "1-0"]
[WhiteElo "2275"]
[BlackElo "1861"]
[PlyCount "59"]
[EventDate "2011.??.??"]
[WhiteTeam "SC Friesen Lichtenberg e.V."]
[BlackTeam "CIM Benimaclet Valencia"]

1. d4 d5 2. c4 dxc4 3. Nf3 Bg4 4. Ne5 Be6 5. e4 c6 6. Nc3 Nd7 7. Nxc4 Bxc4 8.
Bxc4 Nb6 9. Bb3 e6 10. O-O Nf6 11. Be3 Be7 12. Qf3 O-O 13. Rfd1 Qe8 14. Qh3 Kh8
15. Bc2 g6 16. Bh6 Rg8 17. e5 Nfd5 18. Ne4 Bf8 19. Bg5 Bg7 20. Qh4 Nd7 21. Rd3
Qf8 22. Rh3 h5 23. Ng3 f6 24. Bxg6 fxg5 25. Qxh5+ Bh6 26. Qxg5 Qf4 27. Rxh6+
Kg7 28. Rh7+ Kf8 29. Qh5 Rg7 30. Rxg7 1-0

[Event "10. Lichtenberger Sommer"]
[Site "Berlin"]
[Date "2011.08.16"]
[Round "4.48"]
[White "Simon, Ralf-Axel"]
[Black "Schreyer, Erik"]
[Result "1-0"]
[WhiteElo "2200"]
[BlackElo "1831"]
[PlyCount "113"]
[EventDate "2011.??.??"]
[WhiteTeam "TSG Neuruppin"]
[BlackTeam "Schachverein 1949 Herzogenrath"]

1. d4 Nf6 2. c4 e6 3. g3 d5 4. Bg2 b6 5. Nf3 Bb7 6. O-O Be7 7. Ne5 O-O 8. Nc3
Nbd7 9. Qa4 Nxe5 10. dxe5 Ne4 11. Nxe4 dxe4 12. Rd1 Qe8 13. Qc2 Rd8 14. Rxd8
Qxd8 15. Be3 Qa8 16. Rd1 Rd8 17. Rxd8+ Bxd8 18. b4 Be7 19. c5 b5 20. Qd2 Bd5
21. h4 Qc6 22. Bg5 Bf8 23. Qb2 Qa6 24. a3 Qc6 25. Be3 a5 26. Qd4 Qa8 27. Kh2 a4
28. h5 Qc6 29. Kg1 Qa8 30. Kf1 Qc6 31. Ke1 Qb7 32. Kd1 Qc6 33. Kc1 Qb7 34. Kb2
Qc6 35. g4 Qb7 36. Bg5 Qc6 37. Qe3 Qb7 38. h6 gxh6 39. Bxh6 Bxh6 40. Qxh6 Qc6
41. Qg5+ Kf8 42. Qd8+ Kg7 43. Qg5+ Kf8 44. Qh6+ Kg8 45. Qe3 Qb7 46. Kc3 Qc6 47.
Qg5+ Kf8 48. Qd8+ Kg7 49. Kd4 Qb7 50. Ke3 Qc6 51. Kf4 Qb7 52. e3 Qc6 53. Kg5
Qb7 54. Qf6+ Kf8 55. Kh6 Qa8 56. Kxh7 Qe8 57. g5 1-0

[Event "10. Lichtenberger Sommer"]
[Site "Berlin"]
[Date "2011.08.16"]
[Round "4.50"]
[White "Walter, Günter"]
[Black "Franzke, Alexander"]
[Result "0-1"]
[WhiteElo "1990"]
[BlackElo "1981"]
[PlyCount "43"]
[EventDate "2011.??.??"]
[WhiteTeam "TSG Oberschöneweide e.V."]
[BlackTeam "Forster Schachclub 95"]

1. e4 c5 2. Nf3 g6 3. d4 cxd4 4. Nxd4 Nc6 5. Nxc6 bxc6 6. Be2 Bg7 7. O-O Rb8 8.
Na3 Nf6 9. e5 Nd5 10. c4 Nc7 11. f4 O-O 12. Rb1 d6 13. exd6 exd6 14. Nc2 d5 15.
Be3 Rb7 16. Bc5 Re8 17. cxd5 Nxd5 18. Ba6 Qa5 19. Bxb7 Qxc5+ 20. Kh1 Bxb7 21.
b4 Qc4 22. Na3 0-1

[Event "10. Lichtenberger Sommer"]
[Site "Berlin"]
[Date "2011.08.16"]
[Round "4.51"]
[White "Perestjuk, Marko"]
[Black "Koischwitz, Wanja"]
[Result "1-0"]
[WhiteElo "1964"]
[BlackElo "1813"]
[PlyCount "35"]
[EventDate "2011.??.??"]
[WhiteTeam "SC Zitadelle Spandau 1977 e.V."]
[BlackTeam "Queer-Springer SSV Berlin"]

1. e4 Nf6 2. e5 Nd5 3. d4 d6 4. c4 Nb6 5. f4 dxe5 6. fxe5 Bf5 7. Nc3 Nc6 8. Be3
e6 9. Be2 Be7 10. Nf3 Bg4 11. O-O O-O 12. Qd2 f6 13. exf6 Bxf6 14. Rad1 Qd7 15.
d5 Bxc3 16. Qxc3 exd5 17. cxd5 Nxd5 18. Rxd5 1-0

[Event "10. Lichtenberger Sommer"]
[Site "Berlin"]
[Date "2011.08.16"]
[Round "4.52"]
[White "Frey, Matthias"]
[Black "Ritter, Uwe"]
[Result "1/2-1/2"]
[WhiteElo "1948"]
[BlackElo "1733"]
[PlyCount "32"]
[EventDate "2011.??.??"]
[WhiteTeam "Münsingen"]
[BlackTeam "Reideburger SV 90 Halle"]

1. e4 e6 2. Qe2 d5 3. exd5 Qxd5 4. Nc3 Qd8 5. g3 Bd7 6. Bg2 Bc6 7. Nf3 Nf6 8.
O-O Bd6 9. d3 Nbd7 10. Rd1 O-O 11. Ne4 Bxe4 12. dxe4 e5 13. Nh4 g6 14. Bg5 Qe7
15. Bh3 Nc5 16. Bg2 Ne6 1/2-1/2